<?xml version="1.0" encoding="UTF-8"?>
<collection xmlns="http://www.loc.gov/MARC21/slim">
 <record>
  <leader>01309nam a2200181Ia 4500</leader>
  <controlfield tag="001">CTU_32829</controlfield>
  <controlfield tag="008">210402s9999    xx            000 0 und d</controlfield>
  <datafield tag="082" ind1=" " ind2=" ">
   <subfield code="a">915.97</subfield>
  </datafield>
  <datafield tag="082" ind1=" " ind2=" ">
   <subfield code="b">K600k</subfield>
  </datafield>
  <datafield tag="100" ind1=" " ind2=" ">
   <subfield code="a">Trương Vĩnh Ký</subfield>
  </datafield>
  <datafield tag="245" ind1=" " ind2="0">
   <subfield code="a">Ký ức lịch sử về Sài Gòn và các vùng phụ cận</subfield>
  </datafield>
  <datafield tag="245" ind1=" " ind2="0">
   <subfield code="c">Trương Vĩnh Ký, Nguyễn Đình Đầu</subfield>
  </datafield>
  <datafield tag="260" ind1=" " ind2=" ">
   <subfield code="a">Tp. HCM</subfield>
  </datafield>
  <datafield tag="260" ind1=" " ind2=" ">
   <subfield code="b">Trẻ</subfield>
  </datafield>
  <datafield tag="260" ind1=" " ind2=" ">
   <subfield code="c">1997</subfield>
  </datafield>
  <datafield tag="520" ind1=" " ind2=" ">
   <subfield code="a">Sách cung cấp các hiểu biết về sự thay đổi nhanh chóng của thành phố Sài Gòn từ năm 1860 đến năm 1875, từ thời cựu trào sang thời Pháp thuộc. Phong cảnh Sài Gòn cổ xưa với thành trì, công thự, đình miếu, quán xá, sông rạch, cầu cống, chợ búa, đường phố, cùng địa danh và sinh hoạt xã hội được ghi nhận khá chính xác. Tác giả của quyển sách còn mô tả nhiều danh lam thắng cảnh cũ đã bị Pháp tàn phá để xây dựng những lâu đài dinh thự nguy nga cùng với đôi nét hoài niệm của mình</subfield>
  </datafield>
  <datafield tag="650" ind1=" " ind2=" ">
   <subfield code="a">south vietnam - description and travel</subfield>
  </datafield>
  <datafield tag="980" ind1=" " ind2=" ">
   <subfield code="a">Trung tâm Học liệu Trường Đại học Cần Thơ</subfield>
  </datafield>
 </record>
</collection>
